00518nam a22002057a 4500003000900000005001700009008003200026020001500058040002200073082001500095100001800110245004900128260003100177300002100208490002200229490001300251490001300264830002200277830001300299DO-SdBNP20171129152145.0171117b 1987 |||| 00| 0 spa d a8432065625 aBPMSUbspacBPMSU axxxxbxxxx1 aMoix, Terenci10aNo digas que fue un suen˃o /cTerenci Moix  a[s. l.] :bPlaneta,c1987. a552 p. ;c22 cm.1 aCaja de pensiones1 aLa caixa1 aLa caixa 0aCaja de pensiones 0aLa Caixa